000 00651nam a2200229Ii 4500
003 JO-AjNU
008 230605s9999||||xx |||||||||||||| ||und||
017 _a2014/8/3735
020 _a978-9957-8726-0-1
040 _aJO-AjNU
_bara
_erda
_cJO-AjNU
041 _aara
050 1 4 _aPJ7960.A22 2016
100 3 _aربابعة، شفيق,
_eauthor
_952083
245 0 0 _aديوان فيض الفؤاد 10
250 _aط1
264 3 1 _aعمان: المؤلف، 2016
300 _a142ص
336 _atext
_btxt
_2rdacontent
337 _aunmediated
_bn
_2rdamedia
338 _avolume
_bnc
_2rdacarrier
650 4 _aالشعر العربي
_952084
999 _aA23050
_c26618
_d26618